000 00458nam a2200181Ia 4500
005 20250423095919.0
008 250422s9999 xx 000 0 und d
020 _a9780345370778
050 _aPS 3553.R48 .C75/
100 _aCrichton, Michael
245 0 _aJurassic Park : a novel
260 _aNew York
260 _bBallantine books
260 _c1990
300 _a400 p
650 _aDinosaurs--Fiction. Amusement parks--Fiction.
942 _cBK
999 _c31717
_d31717